Guess The ATP Tennis Player: 2000-2020s #2 - Statistics

General Stats
  • This quiz has been taken 106 times
  • The average score is 14 of 16
Answer Stats
Picture Answer % Correct
Novak Djokovic
99%
Alexander Zverev
95%
Jannik Sinner
95%
Holger Rune
94%
Stefanos Tsitsipas
94%
Taylor Fritz
94%
Frances Tiafoe
92%
Felix Auger Aliassime
91%
Hubert Hurkacz
86%
Jo-Wilfried Tsonga
86%
Fabio Fognini
83%
Alexander Bublik
81%
David Goffin
81%
Diego Schwartzman
81%
Jack Sock
73%
Kevin Anderson
73%
No matching quizzes found
Score Distribution
Percent of People with Each Score
Percentile by Number Answered
Your Score History
You have not taken this quiz